О высылке положений об уличных комитетах

Доступно только в Электронных читальных залах Найти на картеНа карте
RUSMARC
00004340nac2a22002893x 450
001e7d61f2f-88f2-457a-8968-853c147697a1
00520260126181920.0
100##$a20251127l19351935k y0rusy50 ca
1010#$arus
$abel
$atgk
102##$aRU
105##$ay z |||||
1222#$ad19350401
$ad19351002
2001#$aО высылке положений об уличных комитетах
$j01.04.1935 - 02.10.1935
215##$a23 листа
$d38,3 х 24,5
251##$cДело
300##$aЧасть текста на белорусском и таджикском языках
300##$aЧасть текста машинописная и рукописная, часть - напечатана типографским способом
330##$aВходит в раздел описи: Орготдел
461#0$1001796d4672-8a00-4986-b488-6e42273792cc
$12001
$aЦЕНТРАЛЬНЫЙ ИСПОЛНИТЕЛЬНЫЙ КОМИТЕТ СССР (ЦИК СССР).
$1251
$cФонд
$1852
$gР
$j3316
462#0$1001b2b03070-aa26-4135-b154-6f52ec7c8bcd
$12001
$aДела Секретариата Президиума ЦИК Союза ССР за 1935 год
$vД. 655
$1251
$cОпись
$1852
$j28
605##$3DITM\AF\0000002775
$aВласть
$lколлекция
$2acquisition_prlib
6101#$aПоложения
$aУличные комитеты
686##$a67.401.011.12ю1
$cПраво
$2rubbk
686##$a63.3(2)614-332ю1
$cИстория
$2rubbk
801#0$aRU
$bGA_RF
801#1$aRU
$bГлавНИВЦ
$c20251127
$2rusmarc
801#2$aRU
$bПБ им. Б.Н. Ельцина
$c20260126
$gRCR
$2rusmarc
852##$aГА РФ
$j655
937##$d200152366
$hГАРФ
035##$aRuPRLIB51082200
856##$uhttp://readingroom.main.prlib.ru/item.aspx?id_node=n200152366&mode=full
Формат отображения